00889 2200277 4500001002100000005001500021020002200036035002400058040001200082082001800094084002000112090002000132100002600152245015200178260002700330300005200357500003100409650002700440700002400467700003100491700002600522850001200548990001700560990001700577990001700594YOGYA00000000010672720140823134815 a978-979-29-3312-3 0010-061400000000080 aYOPDYOG 2[22]a005.133 aQ 005.133 Sia T aQ 005.133 Sia T aSIANIPAR, R.H., 1977- aTeori dan implementasi pemrograman berorientasi objek menggunakan C++c/ R.H. Sianipar, Satria Utama, I.K. Wiryajati ; editor, Dewibertha Hardjono. aYogyakartabAndic2012 axviii, 394 hlm.b: ilus.c; 28 cm + CD (3 eks.) aBibliografi : hlm. 393-394 aC++ (Program Komputer) aDewibertha Hardjono aI Ketut Wiryajati (1966- ) aSatria Utama (1986- ) aYOPDYOG a7690/PD.2014 a7691/PD.2014 a7692/PD.2014